Datum a čas kvízu
38
Celkem bodů
Celkový počet nahraných bodů na tomto kvízu bez doplňovacích otázek.
7.
Pořadí na kvízu
Konečné umístění týmu na tomto kvízu.
Zaznamenané odpovědi
| # | Otázka | Odpověď | Body | Výsledky |
|---|---|---|---|---|
| 1. | Minulý týden byl jistý 37letý... | Mikuláš Ferjenčík, Jiří Strach | 0.5 | |
| 2. | Parlament jednoho evropského s... | Německo | 1 | |
| 3. | Ve čtvrtek měl v českých kinec... | Mizerové: Na život a na smrt | 0.5 | |
| 4. | Společnost Tatra před několika... | Phoenix | 1 | |
| 5. | Jaroslav Svejkovský se stal po... | Vancouver Canucks | 1 | |
| 6. | Dostanete vždy pět indicií, k... | Idiot | 1 | |
| 7. | Irsko – strom – Estragon – Nob... | Čekání na Godota | 1 | |
| 8. | Nashville – Felis – žár – Puli... | Kočka na rozpálené plechové střeše | 1 | |
| 9. | 3 sirotci – nevyléčitelná nemo... | Román pro muže | 1 | |
| 10. | Karviná – kronika – sv. Petr... | Šikmý kostel | 0 |